Countries With 11 Letters - Statistics

General Stats
  • This quiz has been taken 12 times
  • The average score is 4 of 9
Answer Stats
Country % Correct
Philippines
100%
South Africa
57%
Switzerland
57%
Afghanistan
43%
Burkina Faso
43%
Netherlands
43%
Saudi Arabia
43%
Vatican City
29%
Sierra Leone
0%
No matching quizzes found
Score Distribution
Percent of People with Each Score
Percentile by Number Answered
Your Score History
You have not taken this quiz